Biología : 2 es /
Guardado en:
| Autor Principal: | |
|---|---|
| Otros Autores: | , |
| Formato: | Libro |
| Publicado: |
Buenos Aires :
Estrada,
2009
|
| Series: | Confluencias
|
| Materias: | |
| Etiquetas: |
Agregar Etiqueta
Sin Etiquetas, Sea el primero en etiquetar este registro!
|
| LEADER | 00972nam a22002535a 4500 | ||
|---|---|---|---|
| 001 | CEM.cems013493 | ||
| 005 | 20110303095338.0 | ||
| 008 | 130507s2009##################000#0#####d | ||
| 003 | CEMS | ||
| 020 | |a 9789500112406 | ||
| 082 | 0 | 4 | |a Z574 |
| 100 | 1 | |a Gleiser, Marcela | |
| 245 | 1 | 0 | |a Biología : |b 2 es / |c Marcela Gleiser, Daniela Liberman y Luz Salatino |
| 260 | |a Buenos Aires : |b Estrada, |c 2009 | ||
| 300 | |a 160 p. | ||
| 490 | 0 | |a Confluencias | |
| 500 | |a Para nivel Educación Secundaria Básica | ||
| 505 | 0 | |a Un ancestro en común -- La evolución de los seres vivos -- El origen de la vida -- La célula -- La reproducción de los seres vivos -- El sistema reproductor en el ser humano -- Genética y herencia -- Ambiente, contaminación y salud | |
| 653 | |a Ciencias naturales | ||
| 653 | |a Biología | ||
| 653 | |a Biología- 2º esb | ||
| 700 | 1 | |a Liberman, Daniela | |
| 700 | 1 | |a Salatino, Luz | |
| 859 | |a CEMS |b BIB. CEMS - 11 de abril |h Z574 |i G482 |p 26105.11 |t Ej.1 |v 2 |3 2 | ||
